| 000 | 00462nam a2200157Ia 4500 | ||
|---|---|---|---|
| 008 | 230312s9999||||xx |||||||||||||| ||und|| | ||
| 020 | _a0-7674-1845-x | ||
| 082 |
_a306 _bBOD-A |
||
| 100 | _aBodley John , H. | ||
| 245 | 0 | _aAnthropology and Contemporary Human Problems | |
| 260 |
_bMayfield Publishing Company _aLondon _c2001 |
||
| 300 | _a278 | ||
| 546 | _aEng. | ||
| 650 |
_aMass com _vNature and Scope of Problems , Crisis Awareness and Response |
||
| 942 | _cBK | ||
| 999 |
_c2422 _d2422 |
||